000
00374nam a22001697a 4500
003
MPLRDC
005
20220104143541.0
008
210129b ||||| |||| 00| 0 eng d
082
_a
857.7 AS v.2
100
_a
艾丝著
245
_a
大骗局
_c
260
_a
_b
环球出版社
_c
300
_b
平
490
_a
艳情小说
650
_a
942
_c
BK
_o
857.7 AS v.2
999
_c
41016
_d
41006